000 003120000a22001450004500
003 MACL
040 _aMACL
090 _c32775
_d32773
100 _aMahajan, Dr V D
245 _aJurisprudence & Legal Theory
260 _bEastern Book Company
_c2000
350 _a130
650 _aLaw
942 _cBOOK
_k340/MAH
999 _c32440
_d32440